Evaluación del sistema de compras y presupuesto D.O.T. I.C.E.
Salvato in:
| Autore principale: | |
|---|---|
| Altri autori: | |
| Natura: | Libro |
| Pubblicazione: |
[San José , Costa Rica]
1986
|
| Tags: |
Aggiungi Tag
Nessun Tag, puoi essere il primo ad aggiungerne!!
|
MARC
| LEADER | 00000nam a2200000Ia 4500 | ||
|---|---|---|---|
| 003 | 004100 | ||
| 005 | 20221231144355.0 | ||
| 008 | 140114s1986 cr a m 000 ||s d | ||
| 040 | |c cru CEDI | ||
| 090 | |a TFG 1832 | ||
| 100 | |a Cuadra C, Patricia |9 14151 | ||
| 245 | |a Evaluación del sistema de compras y presupuesto D.O.T. I.C.E. | ||
| 260 | |c 1986 |a [San José , Costa Rica] | ||
| 300 | |a 70[74] hojas :ilustraciones | ||
| 500 | |a Tesis (licenciatura en ingeniería industrial)--Universidad de Costa Rica. Facultad de Ingeniería. Escuela de Ingeniería Industrial | ||
| 700 | |9 14152 |a Gutiérrez C, Benigno | ||
| 942 | |c TFG | ||
| 999 | |c 20906 |d 20906 | ||
